Game of Thrones Characters and Actors by Picture #6 (Hardest) - Statistics

General Stats
  • This quiz has been taken 19 times
  • The average score is 8 of 32
Answer Stats
Picture Answer % Correct
Benjen Stark
82%
Myrcella Baratheon
82%
Janos Slynt
65%
Mace Tyrell
65%
Robyn Arryn
65%
Kevan Lannister
59%
Obara Sand
53%
Xaro Xhoan Daxos
53%
Myranda
47%
Pypar
47%
Nymeria Sand
41%
The Waif
41%
Jory Cassell
29%
Karl Tanner
29%
Pyat Pree
24%
Burn Gorman
6%
Nell Tiger Free
6%
Charlotte Hope
0%
Dominic Carter
0%
Faye Marsay
0%
Ian Gelder
0%
Ian Hanmore
0%
Jamie Sives
0%
Jessica Henwick
0%
Josef Altin
0%
Joseph Mawle
0%
Keisha Castle-Hughes
0%
Kovarro
0%
Lino Facioli
0%
Nonso Anozie
0%
Roger Ashton-Griffiths
0%
Steven Cole
0%
No matching quizzes found
Score Distribution
Percent of People with Each Score
Percentile by Number Answered
Your Score History
You have not taken this quiz